Több gépen dolgoznak - többet keresnek - Kábelgyáriak kezdeményezése

Elmentve itt :
Bibliográfiai részletek
Szerző: Szirák József
Dokumentumtípus: Cikk
Megjelent: 1974-11-19
Sorozat:Délmagyarország 64 No. 270
Kulcsszavak:Kábelgyár
Online Access:http://dmarchiv.bibl.u-szeged.hu/107112
LEADER 00495nab a2200157 i 4500
001 delm107112
005 20190409115430.0
008 190409s1974 hu o 0|| hun d
040 |a SZTE Délmagyarország Archívum  |b hun 
041 |a hun 
100 1 |a Szirák József 
245 1 0 |a Több gépen dolgoznak - többet keresnek - Kábelgyáriak kezdeményezése  |h [elektronikus dokumentum] /  |c  Szirák József 
260 |c 1974-11-19 
300 |a 1 
490 0 |a Délmagyarország  |v 64 No. 270 
695 |a Kábelgyár